Thao thức; T1 Tiểu thuyết

Guardat en:
Dades bibliogràfiques
Autor principal: Alexandre Krol
Format: Llibre
Idioma:Undetermined
Publicat: Hà Nội Tác Phẩm Mới 1985
Matèries:
Etiquetes: Afegir etiqueta
Sense etiquetes, Sigues el primer a etiquetar aquest registre!
Thư viện lưu trữ: Trung tâm Học liệu Trường Đại học Cần Thơ
LEADER 00507nam a2200181Ia 4500
001 CTU_15892
008 210402s9999 xx 000 0 und d
082 |a 891.734 
082 |b K93/T1 
100 |a Alexandre Krol 
245 0 |a Thao thức; T1 
245 0 |b Tiểu thuyết 
245 0 |c Alexandre Krol, Hoàng Hữu Phê 
260 |a Hà Nội 
260 |b Tác Phẩm Mới 
260 |c 1985 
650 |a russian fiction 
980 |a Trung tâm Học liệu Trường Đại học Cần Thơ